000 00374nam a2200145Ia 4500
008 230917s9999||||xx |||||||||||||| ||und||
040 _e122102
_aMAIN
041 _aEnglish
082 _a338.4791 C445E
100 _aChiranjeev, Avinash
245 0 _aEcotourism planning and development
260 _aNew Delhi
_bJnanada Prakshan
_c2008
300 _a248 p.
942 _cBK
999 _c146706
_d146706